00785nam a2200181Ia 4500003000900000008004100009020001800050040001600068080002100084111010300105245025700208260003600465300002300501650001200524650002200536700002300558700002200581IN-BaIIA211028s9999 xx 000 0 eng d a0-7503-0330-1 cIIA Library a524.37(063)bASY aUniversity of Haifa At Oranim Conference on Asymmetrical Planetary NebulaecOranimd1994 Aug. 8-11 0aAsymmetrical Planetary nebulaebproceedings of the University of Haifa at Oranim Conference on asymmetrical Planetary nebulae, held in Oranim, Israel, August 8-11,1994cedited by Amos Harpaz and noam Soker  aJerusalembIOP Publishingc1995 a[various pagings.] aNebulae aPlanetary nebulae aHarpaz, Amos., ed. aSoker, Noam., ed.